| 000 | 01398nam a2200409 c 4500 | ||
|---|---|---|---|
| 001 | 52174 | ||
| 003 | ES-MaCES | ||
| 005 | 20250203133827.0 | ||
| 008 | 220317s2021 sp o000|| spa d | ||
| 017 |
_aM 22021-2021 _bDL |
||
| 024 | 7 |
_a050-21-027-7 _2nipo |
|
| 024 | 7 |
_a050-21-028-2 _2nipo (electrónico) |
|
| 040 |
_aES-MaCES _bspa _cES-MaCES |
||
| 245 | 0 | 4 |
_aLas familias monomarentales en España _c[estudio realizado por, Federación de Asociaciones de Madres Solteras] |
| 260 |
_aMadrid _bInstituto de las Mujeres _c[2021] |
||
| 300 |
_a326 p. _bgráf., il. bl. y n. _c24 cm |
||
| 490 | 1 |
_aEstudios _v125 |
|
| 504 | _aBibliografía | ||
| 541 | _cGratuito | ||
| 650 | 4 |
_amujeres _928657 |
|
| 650 | 4 |
_afamilia _927318 |
|
| 650 | 4 |
_amujer cabeza de familia _929795 |
|
| 650 | 4 |
_ahogar con un solo progenitor _929268 |
|
| 650 | 4 |
_apolítica familiar _930329 |
|
| 650 | 4 |
_adiscriminación _927180 |
|
| 650 | 4 |
_aconciliación _927303 |
|
| 650 | 4 |
_aresponsabilidades familiares _930598 |
|
| 650 | 4 |
_acambio social _927286 |
|
| 650 | 4 |
_aEspaña _926964 |
|
| 650 | 4 |
_ainvestigación sociológica _927260 |
|
| 653 | 1 | 0 | _aMujer |
| 710 | 2 |
_aInstituto de las Mujeres (España) _eed. _940237 |
|
| 710 | 2 |
_aFederación de Asociaciones de Madres Solteras _940240 |
|
| 830 | 0 |
_aEstudios (Instituto de las Mujeres (España)) _v125 _940239 |
|
| 902 | _aLIB Libro | ||
| 942 |
_2CES _cBK _h3.3. |
||
| 999 |
_c52174 _d52174 |
||